<?xml version="1.0" encoding="UTF-8"?>
<record
    xmlns:xsi="http://www.w3.org/2001/XMLSchema-instance"
    xsi:schemaLocation="http://www.loc.gov/MARC21/slim http://www.loc.gov/standards/marcxml/schema/MARC21slim.xsd"
    xmlns="http://www.loc.gov/MARC21/slim">

  <leader>00746ntm a2200169 i 4500</leader>
  <controlfield tag="001">189640</controlfield>
  <controlfield tag="003">ES-MaACL</controlfield>
  <controlfield tag="005">20240516142000.0</controlfield>
  <controlfield tag="008">190708q1740    sp            000 0 spa d</controlfield>
  <datafield tag="245" ind1="0" ind2="1">
    <subfield code="a">[Resumen del reconocimiento con que el marqu&#xE9;s acompa&#xF1;a las cartas] [</subfield>
    <subfield code="h">Manuscrito].</subfield>
  </datafield>
  <datafield tag="260" ind1=" " ind2=" ">
    <subfield code="c">[ca. 1740]</subfield>
  </datafield>
  <datafield tag="300" ind1=" " ind2=" ">
    <subfield code="a">[8] h. ; </subfield>
    <subfield code="c">21 cm.</subfield>
  </datafield>
  <datafield tag="600" ind1="1" ind2="7">
    <subfield code="a">Pozoblanco, Francisco Manuel de Velasco y Estrada, </subfield>
    <subfield code="c">Marqu&#xE9;s de</subfield>
    <subfield code="2"></subfield>
    <subfield code="9">167182</subfield>
  </datafield>
  <datafield tag="651" ind1=" " ind2="4">
    <subfield code="a">Guadalquivir (Espa&#xF1;a, R&#xED;o)-</subfield>
    <subfield code="z">Navegaci&#xF3;n.</subfield>
    <subfield code="9">167183</subfield>
  </datafield>
  <datafield tag="852" ind1="4" ind2=" ">
    <subfield code="a">ES-MaACL</subfield>
    <subfield code="j">B-8924(30)    </subfield>
    <subfield code="z">.- Legado de Federico de Botella y de Hornos</subfield>
    <subfield code="z">.- Encuadernado en un vol. facticio agrupado con el nombre en el lomo: Espa&#xF1;a, geolog&#xED;a, memorias y documentos varios 1 a 8</subfield>
  </datafield>
  <datafield tag="999" ind1=" " ind2=" ">
    <subfield code="c">189640</subfield>
    <subfield code="d">189640</subfield>
  </datafield>
  <datafield tag="952" ind1=" " ind2=" ">
    <subfield code="0">0</subfield>
    <subfield code="1">0</subfield>
    <subfield code="4">0</subfield>
    <subfield code="7">0</subfield>
    <subfield code="8">Manuscritos</subfield>
    <subfield code="a">ATENEOM</subfield>
    <subfield code="b">ATENEOM</subfield>
    <subfield code="c">SPB</subfield>
    <subfield code="d">2019-07-08</subfield>
    <subfield code="e">DON</subfield>
    <subfield code="l">0</subfield>
    <subfield code="o">B-8924(30)</subfield>
    <subfield code="p">1201007</subfield>
    <subfield code="r">2023-02-23 00:00:00</subfield>
    <subfield code="w">2023-02-23</subfield>
    <subfield code="y">MANUSCRITO</subfield>
  </datafield>
</record>
